000 00149 a2200073 4500
020 _a0799325031
082 _a0940011006
245 _aWASDOM VAN DIE LIEFDE
999 _c789035
_d789034
942 _w13411
_xBongani Makatu
_y13411
_zBongani Makatu